000 00400nam a22001337a 4500
020 _a9789694962849
040 _cNUST
082 _a297.64 FAR
100 _aFared Ul Din, Shaikh
_988645
245 _aZikar E Jamil;
_b96 Buzurgaan -e- Deen Kay Ahwal O Aqwal
260 _aISLAMABAD:
_bDost Publications,
_c2018.
650 _aIslam-96 Buzurgaan -e- Deen Kay Ahwal O Aqwal
_989511
942 _2ddc
_cBK
999 _c587716
_d587716